Getting the health and physical education program under way in the elementary school. (Record no. 22077)

MARC details
000 -LEADER
fixed length control field 00910cam a22002651 4500
001 - CONTROL NUMBER
control field e 48000013
003 - CONTROL NUMBER IDENTIFIER
control field DLC
005 - DATE AND TIME OF LATEST TRANSACTION
control field 20260227111233.0
008 - FIXED-LENGTH DATA ELEMENTS--GENERAL INFORMATION
fixed length control field 831208s1947 kyu s000 0 eng c
010 ## - LIBRARY OF CONGRESS CONTROL NUMBER
LC control number e 48000013
035 ## - SYSTEM CONTROL NUMBER
System control number (OCoLC)10202438
040 ## - CATALOGING SOURCE
Original cataloging agency U.S. Office of Education. Library
Transcribing agency DNIE
Modifying agency DLC
042 ## - AUTHENTICATION CODE
Authentication code premarc
043 ## - GEOGRAPHIC AREA CODE
Geographic area code n-us-ky
050 00 - LIBRARY OF CONGRESS CALL NUMBER
Classification number L152
Item number .B35 vol. 15, no. 3
082 ## - DEWEY DECIMAL CLASSIFICATION NUMBER
Classification number 371.7322
110 1# - MAIN ENTRY--CORPORATE NAME
Corporate name or jurisdiction name as entry element Kentucky.
Subordinate unit State Teachers College (Morehead).
245 10 - TITLE STATEMENT
Title Getting the health and physical education program under way in the elementary school.
260 ## - PUBLICATION, DISTRIBUTION, ETC.
Place of publication, distribution, etc. Frankfort,
Date of publication, distribution, etc. 1947.
300 ## - PHYSICAL DESCRIPTION
Extent [67]-165 p.
Dimensions 23 cm.
490 1# - SERIES STATEMENT
Series statement Kentucky. Dept. of Education. Educational bulletin,
Volume/sequential designation v. 15, no. 3
500 ## - GENERAL NOTE
General note Cover title.
650 #0 - SUBJECT ADDED ENTRY--TOPICAL TERM
Topical term or geographic name entry element Physical education and training
Geographic subdivision Kentucky.
810 10 - SERIES ADDED ENTRY--CORPORATE NAME
Corporate name or jurisdiction name as entry element Kentucky.
Subordinate unit Department of Education.
Title of a work Educational bulletin,
Volume/sequential designation v. 15, no. 3.

No items available.

Powered by Koha